| 000 | 00508nam a2200193Ia 4500 | ||
|---|---|---|---|
| 005 | 20250923144445.0 | ||
| 008 | 008 250917s9999 xx 000 0 eng d | ||
| 037 | _aTextual | ||
| 040 |
_aDSWL _beng _cDSWL |
||
| 041 |
_aeng _2eng |
||
| 084 | _qDSWL | ||
| 100 |
_aUkil, A.C. _9825109 |
||
| 245 | 0 |
_aSome aspects of public health in India _cby A.C. Ukil |
|
| 260 |
_aNew York _b United Nations _c1941 |
||
| 365 |
_aINR _b2 |
||
| 925 | _g2 | ||
| 942 | _cTEXL | ||
| 999 |
_c1439124 _d1439124 |
||